000 00983nam a22002297a 4500
003 OSt
005 20250924173610.0
008 240314b ||||| |||| 00| 0 eng d
040 _c0
082 _aDPer 621.381 In821 August 2022 v. 37 n. 8
100 _aChen, Gen.
_eauthor.
_954671
245 _aAsymmetric phase-shift modulation strategy of DAB converters for improved light-load efficiency /
_cGen Chen, Zhangyong Chen, Yong Chen, Chenchen Feng, and Xintong Zhu.
260 _aNew York ;
_bThe Institute of Electrical and Electronics Engineers, Inc. ,
_cAugust 2022.
300 _aVolume 37, pages 9104-9113 :
_billustration ;
_c28 cm.
500 _aIEEE Transitions on Power Electronics, v. 37 n. 8, pages 9104-9113, August 2022.
700 _aChen, Gen.
_eauthor.
_954671
700 _aChen, Zhangyong.
_eauthor.
_954672
700 _aChen, Yong.
_eauthor.
_954673
700 _aFeng, Chenchen.
_eauthor.
_954674
700 _aZhu, Xintong.
_eauthor.
_954675
942 _2ddc
_cPER
999 _c19679
_d19679